000 00415nam a2200133Ia 4500
008 171212s9999 xx 000 0 und d
020 _a9781743324301
100 _aTait, Peta
245 _cTait, Peta
_aFighting nature
_bTravelling menageries, animal acts and war shows
260 _bUniversity of Sydney
_c2016
440 _aAnimal Publics
650 _aPhilosophy
856 _uhttp://jstor.org/stable/j.ctt1dt00vp
999 _c353016
_d353016